000 01189nam a2200265 a 4500
001 BRCA_2178
005 20190320203713.0
008 991124s2000 mx-#---###---#000-0#spa-#
020 _a9688568201
040 _aDLC
_cDLC
050 4 _aHE771
_b.S29 2000
100 1 _aSales Colín, Ostwald
_96572
245 1 0 _aEl movimiento portuario de Acapulco
_bel protagonismo de Nueva España en la relación con Filipinas : 1587-1648
_cOstwald Sales Colín.
260 _aMéxico
_bPlaza y Valdés
_c2000
300 _a206 p.
_c23 cm.
500 _aApéndice I. Entrada y salida de barcos del puerto de Acapulco. Apéndice II. Géneros remitidos de Nueva España a Filipinas. Apéndice III. Valores de los pertrechos, bastimentos y matalotajes
504 _aBibliografía : p. 201-206
650 1 4 _aMarina mercante
_xHistoria
_ySiglos XVI y XVII
_zMéxico
_96573
650 1 4 _aPiratas
_xHistoria
_ySiglo XVII
_zOceano Pacífico
_96574
650 1 4 _aPuertos
_xHistoria
_ySiglos XVI y XVII
_zMéxico
_96575
651 4 _aMéxico
_xHistoria
_yColonia española, 1540-1810
_9394
651 4 _aFilipinas
_xComercio
_zNueva España
_96576
651 4 _aNueva España
_xComercio
_zFilipinas
_96577
942 _2lcc
_cB
999 _c1934
_d1934